Aspects of multivariate statistical theory /
Guardado en:
| Autor Principal: | |
|---|---|
| Formato: | Libro |
| Idioma: | English |
| Publicado: |
New York :
Wiley,
c1982.
|
| Series: | Wiley series in probability and mathematical statistics. Probability and mathematical statistics,
|
| Materias: | |
| Acceso en línea: | Publisher description |
| Etiquetas: |
Agregar Etiqueta
Sin Etiquetas, Sea el primero en etiquetar este registro!
|
| LEADER | 01638pam a2200241 a 4500 | ||
|---|---|---|---|
| 001 | MAT.inmabb004203 | ||
| 008 | 820125s1982####nyu######b####001#0#eng## | ||
| 005 | 20130315164014.0 | ||
| 245 | 1 | 0 | |a Aspects of multivariate statistical theory / |c Robb J. Muirhead. |
| 260 | |a New York : |b Wiley, |c c1982. | ||
| 300 | |a xix, 673 p. ; |c 23 cm. | ||
| 440 | 0 | |a Wiley series in probability and mathematical statistics. |p Probability and mathematical statistics, |x 0271-6232 | |
| 504 | |a Bibliografía: p. 650-661. | ||
| 505 | 0 | |a 1. The multivariate normal and related distributions -- 2. Jacobians, exterior products, Kronecker products, and related topics -- 3. Samples from a multivariate normal distribution, and the Wishart and multivariate beta distributions -- 4. Some results concerning decision-theoretic estimation of the parameters of a multivariate normal distribution -- 5. Correlation coefficients -- 6. Invariant tests and some applications -- 7. Zonal polynomials and some functions of matrix argument -- 8. Some standard tests on covariance matrices and mean vectors -- 9. Principal components and related topics -- 10. The multivariate linear model -- 11. Testing independence between $k$ sets of variables and canonical correlation analysis -- Appendix: Some matrix theory. | |
| 510 | 4 | |a MR, |c 84c:62073 | |
| 020 | |a 0471094420 | ||
| 100 | 1 | |a Muirhead, Robb J. |q (Robb John), |d 1946- | |
| 650 | 0 | |a Multivariate analysis. | |
| 084 | |a 62Hxx |2 msc2000 | ||
| 010 | |a 82001912 | ||
| 040 | |a DLC |c DLC |d DLC | ||
| 856 | 4 | 2 | |3 Publisher description |u http://www.loc.gov/catdir/description/wiley031/82001912.html |
| 859 | |h 62 |i M953 |p A-7258 |b BIB. MATEMATICA | ||
